Špecifiká riadenia malých stavebných podnikov na Slovensku

Uložené v:
Podrobná bibliografia
Hlavný autor: Mihalčová, Bohuslava, 1963-
Ďalší autori: Čarnický, Štefan
Médium: Kapitola
Jazyk:Slovak
Tagy: Pridať tag
Žiadne tagy, Buďte prvý, kto otaguje tento záznam!

MARC

LEADER 00000naa$a2200000$$$4500
001 0103521
005 20240502083247.0
041 0 |a slo 
044 |a CZ 
245 1 0 |a Špecifiká riadenia malých stavebných podnikov na Slovensku  |c Bohuslava Mihalčová, Štefan Čarnický 
100 1 |a Mihalčová, Bohuslava, 1963- 
700 1 |a Čarnický, Štefan